[Event "BAN-chB 44th"]
[Site "Dhaka"]
[Date "2018.11.16"]
[Round "5"]
[White "Jabed, Al Azad"]
[Black "Mollah, Shafiq"]
[Result "1-0"]
[WhiteElo "2008"]
[BlackElo "1787"]
[PlyCount "59"]
[EventDate "2018.11.13"]
[EventType "swiss"]
[EventRounds "9"]
[EventCountry "BAN"]
[SourceTitle "CBM 187 Extra"]
[Source "ChessBase"]
[SourceDate "2018.11.04"]
[SourceVersion "1"]
[SourceVersionDate "2018.11.04"]
[SourceQuality "1"]

1. e4 e6 2. d4 d5 3. Nc3 Bb4 4. e5 c5 5. a3 cxd4 6. axb4 dxc3 7. bxc3 Qc7 8. Qd4 Nc6 9. Bb5 a6 10. Bxc6+ bxc6 11. Ne2 Ne7 12. f4 Nf5 13. Qc5 Ne7 14. b5 0-0 15. 0-0 Bb7 16. b6 Qd8 17. Nd4 Re8 18. Ba3 Rb8 19. Rfb1 Qd7 20. Qd6 Qc8 21. Qc7 Ng6 22. Bd6 Ra8 23. Nb3 Qxc7 24. Bxc7 Re7 25. Nc5 Bc8 26. b7 Bxb7 27. Rxb7 h6 28. Rb8+ Rxb8 29. Bxb8 Re8 30. Nxa6 1-0